Дело о выкупе земельных наделов временнообязанными крестьянами М.Н. Каширениновой селец Столбчей Дубравы, Васильевки (Шапиловки)...

Доступно только в Электронных читальных залах Найти на картеНа карте
RUSMARC
00004225nmc2a2200000 x 450
0015f1ffbf8-978c-401f-9f5d-e6e23703de41
00520170921005205.0
100##$a20140401l18741875k l0rusy0189 ca
1010#$arus
102##$aRU
2001#$aДело о выкупе земельных наделов временнообязанными крестьянами М.Н. Каширениновой селец Столбчей Дубравы, Васильевки (Шапиловки) Малоархангельского уезда Орловской губернии
$j7 августа 1874 г. - 24 ноября 1875 г.
251##$cДело
300##$aДело
300##$aОриг. заголовок дела: Дело помещицы Каширениновой М.Н. Орловской губернии Малоархангельского уезда сельца Столбчей Дубравы, Васильевки (Шатиловки). 7 августа 1874 г. - 24 ноября 1875 г
801#0$aRU
$bРГИА
$c20140401
$gRCR
801#1$aRU
$bГлавНИВЦ
$c20140401
$2rusmarc
801#2$aRU
$bПБ им. Б.Н. Ельцина
$c20170921
$gRCR
$2rusmarc
850##$aРГИА
852##$aРГИА
$eФедеральное казенное учреждение "Российский государственный исторический архив" (РГИА)
$j1859
937##$hРГИА
$d11042722
$aASBIBLIO_SCAN
462#0$10012327ab3a-0548-404e-b4cb-e37355ac5039
$12001
$a1863-1889 гг.
$1251
$cОпись
$1852
$j26
461#0$10018ef30ad5-ff5c-4840-a721-74c62a200f95
$12001
$aГлавное выкупное учреждение Министерства финансов
$1251
$cФонд
$1852
$j577
215##$a67 л.
$d36,5х26 см
371##$aДокумент не является опубликованным и широко распространяемым
105##$ay###
1222#$ad
5171#$aДело помещицы Каширениновой М.Н. Орловской губернии Малоархангельского уезда сельца Столбчей Дубравы, Васильевки (Шатиловки). 7 августа 1874 г. - 24 ноября 1875 г.
035##$a5f1ffbf8-978c-401f-9f5d-e6e23703de41
856##$uhttp://readingroom.main.prlib.ru/item.aspx?id_node=n105120121&mode=full
Формат отображения